000 00381nam a2200133Ia 4500
008 151021s9999 xx 000 0 und d
020 _a9966846123
050 _aQC30.O432007
245 _a_Practical Physics for first year university students
260 _aNairobi University Press 1990
300 _axi,132p.;ill.
650 _a_physics
980 _a^d20120201 11:54:32^okorir
999 _c5852
_d5852